ბათუმის შოთა რუსთაველის სახელმწიფო უნივერსიტეტის ბიბლიოთეკა

Эпос о Гильгамеше : (ბიბ.ჩანაწერი № 61112)

000 -LEADER
fixed length control field 00671nam a22001577a 4500
005 - DATE AND TIME OF LATEST TRANSACTION
control field 20231220124016.0
008 - FIXED-LENGTH DATA ELEMENTS--GENERAL INFORMATION
fixed length control field 231220s1961 ru ||||| |||| 00| 0 rus d
041 ## - LANGUAGE CODE
Language code of text/sound track or separate title rus
080 ## - UNIVERSAL DECIMAL CLASSIFICATION NUMBER
Universal Decimal Classification number 821.411.11'01-131 Э 72
245 ## - TITLE STATEMENT
Title Эпос о Гильгамеше :
Remainder of title ("О все видавшем") /
Statement of responsibility, etc. Пер. с аккад. И. М. Дьяконова.
264 ## - PRODUCTION, PUBLICATION, DISTRIBUTION, MANUFACTURE, AND COPYRIGHT NOTICE
Place of production, publication, distribution, manufacture Москва-Ленинград :
Name of producer, publisher, distributor, manufacturer Издательство Академии наук СССР,
Date of production, publication, distribution, manufacture, or copyright notice 1961.
300 ## - PHYSICAL DESCRIPTION
Extent 215 с.;
Other physical details 23 см.
653 ## - INDEX TERM--UNCONTROLLED
keyword გილგამეშის ეპოსი
700 ## - ADDED ENTRY--PERSONAL NAME
Personal name Дьяконова, И. М.
Relator term მთარგმნელი
9 (RLIN) 20803
942 ## - ADDED ENTRY ELEMENTS (KOHA)
Source of classification or shelving scheme
Koha item type წიგნი
ეგზემპლარები
Withdrawn status Lost status Source of classification or shelving scheme Damaged status Not for loan Permanent Location Current Location Shelving location Date acquired Cost, normal purchase price Full call number Barcode Date last seen Copy number Uniform Resource Identifier Price effective from Koha item type Public note
          ბათუმის შოთა რუსთაველის სახელმწიფო უნივერსიტეტის მთავარი ბიბლიოთეკა ბათუმის შოთა რუსთაველის სახელმწიფო უნივერსიტეტის მთავარი ბიბლიოთეკა წიგნსაცავი 2023-12-20 6.00 821.411.11'01-131 Э 72 65625 2023-12-20 65625 ბსუ-ს საპატიო დოქტორის გურამ ლორთქიფანიძის საჩუქარი 2023-12-20 წიგნი 6 ლ.